000 00814nas a2200265 4500
001 BR9604530
003 BR-BrBNA
005 20231205095325.0
007 ta
008 230509b bl.|||p| |||| 00| 00por d
040 _aBR-BrBNA
_bpor
_cBiblioteca Nacional de Agricultura
041 _a(Pt)
072 _aF30
100 1 _aTulmann Neto, A.
100 1 _aCristofani, M.
100 1 _aMendes, B.M.J.
100 1 _aAndo, A.
245 1 _aUso de mutagenese "in vitro" no melhoramento de citros: 1. sensibilidade a raios gama de explantes do cultivar pera
650 _aLaranja Pera
650 _aRadiacao Atomica
650 _aMutacao Induzida
773 0 _tBragantia (Brazil)
_xISSN 0006-875
_g(1994), v. 53(2) p. 167-176
_wBR9604530
909 _a202311
_bLúcia
_c55
_dLúcia Elande
942 _2AGRIS
_n0
_cANA
999 _c150059
_d150059